| 000 | 01109nam a22003017a 4500 | ||
|---|---|---|---|
| 003 | CHAP | ||
| 005 | 20220817042707.0 | ||
| 008 | 971013s1985 r 00010 d | ||
| 010 | _a52468 | ||
| 011 | _a53440 | ||
| 035 | _a57590 | ||
| 040 | _cCHAP | ||
| 090 | _aTesis | ||
| 100 | 0 | 0 |
_aRosa Santos, Gildardo de la. _999860 |
| 245 | _aReconocimiento de malezas tolerantes a herbicidas hormonales en el cultivo del sorgo (Sorghum bicolor L. Moench) en el oriente bajo del estado de Morelos | ||
| 260 |
_aChapingo, Méx. : _bEl autor, _c1985 |
||
| 300 |
_a73 h. _b; gráfs. |
||
| 502 | _aTesis (Ing. Agr. Esp. en Parasitología Agrícola) -- UACH. Departamento de Parasitología Agrícola | ||
| 590 |
_aALEPH _b10 _c20130110 _lUCH01 _h1329 |
||
| 590 |
_aBATCH-UPD _b10 _c20130110 _lUCH01 _h0539 |
||
| 590 |
_aCONVERSION _b10 _c20130109 _lUCH01 _h1328 |
||
| 650 | 1 | 4 |
_aMalas hierbas _xResistencia a herbicidas. |
| 650 | 1 | 4 |
_aSorgo _xMalas hierbas _xControl. _9108692 |
| 901 | _aBK | ||
| 942 | _cFOLL | ||
| 949 |
_bBC _cTES _d-125203 _eTS1 _h18321 _i57590 _si |
||
| 949 |
_bBC _cTES _d-125204 _eTS2 _fc.2 _h18323 _i57590 _si |
||
| 999 |
_c52468 _d52468 |
||